|
|
|
|
| LEADER |
01264nam a2200325 a 4500 |
| 001 |
c000004679 |
| 003 |
CARM |
| 005 |
00000000000000.0 |
| 008 |
820909s1983 enka b 00100 eng |
| 019 |
1 |
|
|a 2303905
|z 2348940
|5 LACONCORD2021
|
| 020 |
|
|
|a 0470274174 (Halsted Press : pbk.)
|
| 020 |
|
|
|a 085312485X :
|c L.12.50
|
| 020 |
|
|
|a 0470274166 (Halsted Press)
|
| 035 |
|
|
|a (OCoLC)8689110
|5 LACONCORD2021
|
| 050 |
|
|
|a QA76.6
|b .G82 1983
|
| 082 |
0 |
4 |
|a 001.64/2
|
| 245 |
0 |
0 |
|a Guide to good programming practice /
|c editors, B.L. Meek, P.M. Heath, and N.J. Rushby.
|
| 250 |
|
|
|a 2nd ed.
|
| 260 |
|
|
|a Chichester, [West Sussex] :
|b E. Horwood ;
|a New York :
|b Halsted Press,
|c c1983.
|
| 300 |
|
|
|a 192 p. :
|b ill. ;
|c 24 cm.
|
| 440 |
|
0 |
|a Computers and their applications
|
| 500 |
|
|
|a Includes index.
|
| 504 |
|
|
|a Bibliography: p. [177]-181.
|
| 650 |
|
0 |
|a Electronic digital computers
|x Programming.
|
| 700 |
1 |
|
|a Meek, B. L.
|q (Brian Lawrence)
|
| 700 |
1 |
|
|a Heath, P. M.
|q (Patricia M.)
|
| 700 |
1 |
|
|a Rushby, Nicholas John.
|
| 852 |
8 |
|
|b CARM
|h A2:AG36F0
|i C02746
|p 0107607
|f BK
|
| 999 |
f |
f |
|i dbfdc06a-a1ac-5efc-a5ce-25e1870ea811
|s 4eb13776-d39c-5d4d-9879-87b8f3dfc963
|
| 952 |
f |
f |
|p Can circulate
|a CAVAL
|b CAVAL
|c CAVAL
|d CARM 1 Store
|e C02746
|f A2:AG36F0
|h Other scheme
|i book
|m 0107607
|